000 00438nam a2200193Ia 4500
008 240510s9999 xx 000 0 und d
020 _a0001558605584
041 _aEng
082 _a005.746
082 _bS19
100 _aSAYOOD K.
245 0 _aINTRODUCTION TO DATA COMPRESSION
260 _bLONDON : MORGAN KAUFMANN
260 _c2000
300 _a636 p.
650 _aDATA COMPRESSION :
942 _2ddc
942 _cRBK
999 _c26445
_d26445
945 _a1
_bMadushi Gamage
_c1
_dMadushi Gamage